书目信息 |
| 题名: |
机动车驾驶员培训教材
|
|
| 作者: | 河北省公安交通管理局 编 | |
| 分册: | 第二册 | |
| 出版信息: | 北京 人民交通出版社 1992 |
|
| 页数: | 502页 | |
| 开本: | 20cm | |
| 丛书名: | ||
| 单 册: | ||
| 中图分类: | U471.3 | |
| 科图分类: | 87.3888 | |
| 主题词: | 汽车-驾驶员--技术教育--教材 , 驾驶员-汽车--技术教育--教材 | |
| 电子资源: | ||
| ISBN: | 7-114-01561-5 | |
| 000 | 00774nam0 2200229 45 | |
| 001 | 0191021523 | |
| 005 | 20070714111311.48 | |
| 010 | @a7-114-01561-5@dCNY8.00 | |
| 100 | @a19910829d1992 em y0chiy0121 ea | |
| 101 | 0 | @achi |
| 102 | @aCN@b110000 | |
| 105 | @af z 000yy | |
| 200 | 10 | @a机动车驾驶员培训教材@AJI DONG CHE JIA SHI YUAN PEI XUN JIAO CAI@h第二册@f河北省公安交通管理局编@Fhe bei sheng gong an jiao tong guan li ju bian |
| 210 | @a北京@c人民交通出版社@d1992 | |
| 215 | @a502页@c图@d20cm | |
| 606 | @a汽车-驾驶员@x技术教育@x教材 | |
| 606 | @a驾驶员-汽车@x技术教育@x教材 | |
| 690 | @aU471.3 | |
| 692 | @a87.3888 | |
| 701 | 0 | @a河北省公安交通管理局@Ahe bei sheng gong an jiao tong guan li ju@4编 |
| 801 | 0 | @aCN@bTSSF@c20070714 |
| 905 | @a10447@dU471.3@e183:2 | |
| 机动车驾驶员培训教材.第二册/河北省公安交通管理局编.-北京:人民交通出版社,1992 |
| 502页:图;20cm |
| ISBN 7-114-01561-5:CNY8.00 |
| ● |
| 相关链接 |
|
|
|
|
正题名:机动车驾驶员培训教材
索取号:U471.3/183:2
 
预约/预借
| 序号 | 登录号 | 条形码 | 馆藏地/架位号 | 状态 | 备注 |
| 1 | 0765681 | 207656810 | 第二样本阅览室/ [索取号:U471.3/183:2] | 在馆 |